| 000 | 00785nam a2200229 a 4500 | ||
|---|---|---|---|
| 001 | BRCA_4409 | ||
| 005 | 20190320204648.0 | ||
| 008 | 130810s1970----mx-b######---#000-0#spa-# | ||
| 041 | _aspa | ||
| 050 | 4 | _bC53 1970 | |
| 100 | 1 |
_aClark, George _911198 |
|
| 245 | 1 | 0 |
_aLa europa moderna _b1450-1720 _cpor George Clark ; traducción de Francisco González Aramburo. |
| 260 |
_aMéxico _bFCE _c1970 |
||
| 300 |
_a222 p. _bil. 1 mapa _c17 cm. |
||
| 440 | 0 |
_aBreviarios del Fondo de Cultura Económica _v169 _911199 |
|
| 500 | _aTraducción de: Early Modern Europe from about 1450 to about 1720 | ||
| 500 | _aColección Sonia Corcuera de Mancera | ||
| 650 | 1 | 4 |
_aEuropa _xHistoria _y1450-1720 _911200 |
| 700 | 1 |
_aGonzález Aranburo, Francisco _etr. _911201 |
|
| 902 | _aDSC | ||
| 942 |
_2lcc _cB |
||
| 999 |
_c4119 _d4119 |
||